[Event "Thessaloniki ol (Men)"]
[Site "Thessaloniki"]
[Date "1988.??.??"]
[Round "12"]
[White "Blatny, Pavel"]
[Black "Hernandez, Gilberto"]
[Result "1/2-1/2"]
[WhiteElo "2490"]
[BlackElo "2320"]

1.e4 e5 2.Nf3 Nf6 3.d4 Nxe4 4.Bd3 d5 5.Nxe5 Nd7 6.O-O Nxe5 7.dxe5 Nc5 8.Be2 Bf5
9.Nd2 Be7 10.Nf3 Ne6 11.Be3 O-O 12.c3 c6 13.Nd4 Nxd4 14.cxd4 f6 15.Rc1 Rc8
16.f4 Qb6 17.Bd3 Be4 18.Bxe4 dxe4 19.Qe2 Qa5 20.b3 Qd5 21.Rc2 Ba3 22.Qc4 b5
23.Qc3 Be7 24.f5 Rfd8 25.e6 g6 26.g4 gxf5 27.gxf5 Kh8 28.Kh1 Rg8 29.Qe1 Rg4
30.Rg2 Rxg2 31.Kxg2 c5 32.dxc5 Bxc5 33.Qc3 Rg8+ 34.Kh1 Bxe3 35.Qxe3 Qd3 36.Qxd3 exd3
37.Rd1 Rd8 38.Kg2 Kg7 39.Kf3 Rd5 40.Ke4 Re5+ 41.Kxd3 Rxf5 42.Kc3 a5 43.Rd7+ Kg6
44.Kd4 Rf2 45.Kc5 f5 46.Kd6 Rxh2 47.Rd8 Rd2+ 48.Ke7 Re2 49.Rg8+ Kh5 50.Kf6 f4
51.Kf5 Kh6 52.Kf6 Kh5 53.Rg5+ Kh4 54.Rf5 Kg3 55.Rg5+ Kh4 56.Rxb5 f3 57.Rxa5 f2
58.Rf5 Kg3 59.e7 h5 60.Rg5+ Kh4 61.Rf5 Kg4 62.Rg5+  1/2-1/2

[Event "CSR-ch"]
[Site "Trinec"]
[Date "1988.??.??"]
[Round "4"]
[White "Blatny, Pavel"]
[Black "Pekarek, Ales"]
[Result "1/2-1/2"]
[WhiteElo "2490"]
[BlackElo "2455"]

1.e4 c5 2.f4 g6 3.Nf3 Bg7 4.g3 d5 5.exd5 Qxd5 6.Nc3 Qe6+ 7.Qe2 Nc6 8.Ne4 Nd4
9.Nxd4 cxd4 10.Bg2 Nh6 11.Nf2 Qb6 12.a4 O-O 13.O-O Qc7 14.c4 d3 15.Qxd3 Be6
16.Qa3 Bxc4 17.d3 Be6 18.Bd2 Nf5 19.Qb4 Rad8 20.Rac1 Qd7 21.Qxb7 Qxb7 22.Bxb7 Bxb2
23.Rc7 Bd4 24.a5 Rb8 25.Be4 Ne3 26.Bxe3 Bxe3 27.Re1 Bd4 28.Bb7 Rfd8 29.Re4 Kf8
30.Re2 Bxf2+ 31.Kxf2 Rxd3 32.Rec2 Ra3 33.a6 Rd8 34.Rb2 Rd6 35.Rbc2 Bd7 36.Re2 e6
37.Rb2 Kg7 38.Ke2 h6 39.Kf2 g5 40.fxg5 hxg5 41.Kg2 Kg6 42.Rf2 f5 43.Rb2 Kf6
44.Kf2 g4 45.Kg2 e5 46.Rf2 Ke6 47.Bc8 Bxc8 48.Rxc8 Rdxa6 49.Re8+ Kd5 50.Rd2+ Ke4
51.Re2+ Kd4 52.R8xe5 Ra2 53.h4 gxh3+ 54.Kxh3 Rxe2 55.Rxe2 Ra3 56.Kg2 a5 57.Re8 Re3
58.Rd8+ Kc4 59.Rc8+ Kb4 60.Rb8+ Ka4 61.Rb1 Re5 62.Kf3 Rb5 63.Ra1+ Kb3 64.Rb1+ Kc4
65.Rc1+ Kd4 66.Rc8 Rc5 67.Ra8 Kc3 68.g4 fxg4+ 69.Kxg4 Kb4 70.Kf4 Rc3 71.Ke4 a4
72.Kd4 Rh3 73.Rb8+ Ka3 74.Kc4 Ka2 75.Rg8 Rb3 76.Rg2+ Rb2 77.Rg8 a3 78.Kc3 Rh2
79.Rg7 Rb2 80.Rg8 Ka1 81.Rg1+ Rb1 82.Rg8 Rf1 83.Kc2  1/2-1/2

[Event "CSR-ch"]
[Site "Trinec"]
[Date "1988.??.??"]
[Round "5"]
[White "Plachetka, Jan"]
[Black "Blatny, Pavel"]
[Result "0-1"]
[WhiteElo "2400"]
[BlackElo "2490"]

1.Nf3 Nf6 2.c4 e6 3.g3 d5 4.b3 Be7 5.Bb2 O-O 6.Bg2 c5 7.O-O dxc4 8.bxc4 Qb6
9.Qb3 Qxb3 10.axb3 Nc6 11.d4 Rd8 12.e3 a6 13.Nc3 Rb8 14.Rfd1 b6 15.d5 Nb4
16.Ne5 Bb7 17.dxe6 fxe6 18.Bh3 Bc8 19.Ne2 Re8 20.Nf4 Bf8 21.Bg2 Bb7 22.Bh3 Bc8
23.Bg2 Bb7 24.Nd7 Nxd7 25.Rxd7 Bxg2 26.Kxg2 b5 27.Be5 Rb6 28.Nh5 Re7 29.Rxe7 Bxe7
30.Bxg7 Nc6 31.Bf6 Kf7 32.Bxe7 Kxe7 33.Nf4 Nb4 34.Kf3 e5 35.Nd5+ Nxd5 36.cxd5 b4
37.Ke4 Kd6 38.Ra5 c4 39.bxc4 b3 40.c5+ Kd7 41.Ra1 b2 42.Rb1 Rb3 43.Kxe5 a5
44.c6+ Kc8 45.f4 a4 46.f5 a3 47.f6 Rxe3+ 48.Kd6 Rf3 49.Re1 Rxf6+ 50.Kc5 Rf8
51.d6 a2 52.d7+ Kd8 53.Kd6 Rf6+ 54.Kd5 Kc7 55.Re8 Rd6+  0-1

[Event "CSR-ch"]
[Site "Trinec"]
[Date "1988.??.??"]
[Round "6"]
[White "Blatny, Pavel"]
[Black "Vokac, Marek"]
[Result "0-1"]
[WhiteElo "2490"]
[BlackElo "2450"]

1.e4 c5 2.d3 g6 3.Nc3 Bg7 4.g3 Nc6 5.Bg2 d6 6.f4 e6 7.Nf3 Nge7 8.O-O O-O
9.Qe1 f5 10.Kh1 Rb8 11.h3 Nd4 12.Nxd4 cxd4 13.Ne2 Nc6 14.Bd2 Qb6 15.Rb1 Bd7
16.b4 fxe4 17.dxe4 Qb5 18.c3 Rbc8 19.Qd1 d3 20.Nc1 d5 21.Nb3 d4 22.c4 Qxc4
23.Rc1 Qb5 24.Nc5 Nb8 25.Qb3 Qb6 26.Rfe1 Kh8 27.Nxd3 e5 28.Nc5 Qf6 29.fxe5 Qxe5
30.Bf4 Qe7 31.Qd5 Bc6 32.Qe6 Rfe8 33.Qg4 b6 34.Nd3 Bd7 35.Qf3 Rc3 36.Bd2 Rxc1
37.Rxc1 Bc6 38.Re1 Bb5 39.Nf4 Qf7 40.Qa3 Qc4 41.Rc1 Qf7 42.Re1 Nc6 43.Nd5 Ne5
44.Bf4 Bc4 45.Rd1 g5 46.Bxg5 Qf2 47.Qa4 b5 48.Qa3 Be2 49.Rg1 Nf3 50.Rf1 Bxf1
51.Bxf3 d3  0-1

[Event "CSR-ch"]
[Site "Trinec"]
[Date "1988.??.??"]
[Round "8"]
[White "Blatny, Pavel"]
[Black "Nun, Jiri"]
[Result "1-0"]
[WhiteElo "2490"]
[BlackElo "2475"]

1.Nf3 Nf6 2.c4 e6 3.Nc3 b6 4.e4 Bb7 5.Bd3 c5 6.Bc2 Nc6 7.d4 cxd4 8.Nxd4 Nxd4
9.Qxd4 Bc5 10.Qd1 Qb8 11.Qe2 Bd4 12.Nb5 Be5 13.f4 Bxf4 14.Bxf4 Qxf4 15.e5 Ng4
16.Nd6+ Ke7 17.Rf1 Qxe5 18.Rxf7+ Kxd6 19.O-O-O+ Kc5 20.Qxg4 Bc6 21.a3 a5
22.Rxg7 h6 23.Qh4 Qe3+ 24.Kb1 b5 25.Rg3  1-0

[Event "CSR-ch"]
[Site "Trinec"]
[Date "1988.??.??"]
[Round "10"]
[White "Blatny, Pavel"]
[Black "Gross, Stefan"]
[Result "1-0"]
[WhiteElo "2490"]
[BlackElo "2420"]

1.e4 c5 2.c3 d5 3.exd5 Qxd5 4.d4 Nf6 5.Nf3 Nc6 6.dxc5 Qxd1+ 7.Kxd1 Bf5 8.Bb5 e5
9.b4 O-O-O+ 10.Ke2 Nd5 11.Bxc6 bxc6 12.Bd2 f6 13.Rd1 g5 14.Na3 h5 15.Ne1 Be7
16.Nc4 Kc7 17.Na5 h4 18.Rac1 Bg4+ 19.f3 Bh5 20.Kf2 e4 21.c4 e3+ 22.Bxe3 Nxb4
23.Rxd8 Rxd8 24.Rb1 Rb8 25.Rb3 Bg6 26.Ke2 Na6 27.f4 Rxb3 28.Nxb3 Kd7 29.fxg5 fxg5
30.Nf3 Bh5 31.Kf2 Bxf3 32.Kxf3 Nb4 33.a3 Nd3 34.Ke4 Ne1 35.g4 hxg3 36.hxg3 g4
37.Kf5 Nd3 38.Bd4 a5 39.a4 Bd8 40.Bc3 Bc7 41.Kxg4 Ke6 42.Kf3 Be5 43.Ke3 Bxc3
44.Kxd3 Bb4 45.Ke4 Kf6 46.Nd4 Bxc5 47.Nxc6 Bb6 48.Kd5 Bc7 49.g4 Kg5 50.Nd4  1-0

[Event "Alma-Ata"]
[Site "Alma-Ata"]
[Date "1989.??.??"]
[Round "3"]
[White "Conquest, Stuart"]
[Black "Blatny, Pavel"]
[Result "1-0"]
[WhiteElo "2490"]
[BlackElo "2450"]

1.e4 e5 2.Nf3 Nc6 3.Bb5 a6 4.Ba4 Nf6 5.O-O Be7 6.Re1 b5 7.Bb3 O-O 8.a4 Bb7
9.d3 Re8 10.Nc3 b4 11.Nd5 Na5 12.Ba2 Nxd5 13.exd5 Bf6 14.c3 c5 15.dxc6 Nxc6
16.Qb3 Qe7 17.Bd2 bxc3 18.bxc3 d5 19.Rab1 Rab8 20.Qxd5 Red8 21.Qc4 Na5 22.Qg4 Rxd3
23.Qf5 Qd7 24.Bxf7+ Qxf7 25.Qxd3 Rd8 26.Qc2 Qh5 27.Rb4 Bd5 28.Bc1 Nc6 29.Rb6 e4
30.Nd2 e3 31.Rxe3 Bg5 32.Rh3 Qe2 33.Qxh7+ Kf7 34.Qf5+ Bf6 35.Qh5+ Qxh5 36.Rxh5 Be6
37.Rxc6 Bg4 38.Rhc5 Re8 39.f3 Bd7 40.Rc7  1-0

[Event "Alma-Ata"]
[Site "Alma-Ata"]
[Date "1989.??.??"]
[Round "7"]
[White "Rashkovsky, Nukhim N"]
[Black "Blatny, Pavel"]
[Result "1/2-1/2"]
[WhiteElo "2520"]
[BlackElo "2450"]

1.Nf3 Nf6 2.d4 e6 3.g3 d5 4.Bg2 Be7 5.O-O O-O 6.c4 dxc4 7.Qc2 a6 8.a4 Nbd7
9.Rd1 c5 10.a5 b5 11.axb6 Qxb6 12.Nbd2 Bb7 13.Nxc4 Qa7 14.Bg5  1/2-1/2

[Event "Alma-Ata"]
[Site "Alma-Ata"]
[Date "1989.??.??"]
[Round "8"]
[White "Blatny, Pavel"]
[Black "Dzuban, Oleg I"]
[Result "0-1"]
[WhiteElo "2450"]
[BlackElo "2395"]

1.Nf3 Nf6 2.b3 g6 3.Bb2 Bg7 4.g3 d6 5.Bg2 e5 6.d3 O-O 7.O-O c6 8.c4 Ng4 9.h3 Nh6
10.Qc2 Nd7 11.d4 f5 12.dxe5 dxe5 13.Rd1 e4 14.Nd4 Qf6 15.Nc3 g5 16.Rab1 Ne5
17.f3 e3 18.f4 gxf4 19.gxf4 Ng6 20.Nd5 cxd5 21.Bxd5+ Nf7 22.Ne6 Qh4 23.Nxg7 Qg3+
24.Kh1 Qxh3+ 25.Kg1 Qg3+ 26.Kh1 Qh4+ 27.Kg1 Nxf4 28.Rf1 Qg4+ 29.Kh1 Qh3+
30.Kg1 Qg3+ 31.Kh1 Qh4+ 32.Kg1 Nxd5 33.cxd5 Nh6 34.Qc4 f4 35.Qe4 Bh3 36.Qf3 Rad8
37.Ne6 Rf5 38.Rbc1 Re8 39.Rc7 Nf7 40.Rd1 Rxe6 41.Rc8+ Nd8 42.Rxd8+ Qxd8 43.Qxh3 Qg5+  0-1

[Event "Alma-Ata"]
[Site "Alma-Ata"]
[Date "1989.??.??"]
[Round "9"]
[White "Seredenko, Vladimir"]
[Black "Blatny, Pavel"]
[Result "0-1"]
[WhiteElo "2370"]
[BlackElo "2450"]

1.d4 d5 2.Nf3 Nf6 3.c4 e6 4.Nc3 dxc4 5.e4 Bb4 6.Bg5 c5 7.Bxc4 cxd4 8.Nxd4 Bxc3+
9.bxc3 Qa5 10.Bxf6 Qxc3+ 11.Qd2 Qxd2+ 12.Kxd2 gxf6 13.Nb5 Kd8 14.Ke3 a6 15.Rhd1+ Ke7
16.Nd4 Bd7 17.Rab1 Rc8 18.Be2 Ra7 19.Rb6 Rc3+ 20.Rd3 Rxd3+ 21.Bxd3 Kd8 22.f4 Nc6
23.g4 Kc7 24.Rb2 Ra8 25.Nxc6 Bxc6 26.e5 Rg8 27.exf6 Rxg4 28.Bxh7 Rh4 29.Bg8 Rh3+
30.Kd4 Rf3 31.Bxf7 Rxf4+ 32.Ke3 Rf3+ 33.Kd4 Rxf6 34.Bh5 Rf4+ 35.Ke3 Re4+
36.Kd3 Rh4 37.Bd1 Rh3+ 38.Kc4 Bb5+ 39.Kb4 Kb6  0-1

[Event "Alma-Ata"]
[Site "Alma-Ata"]
[Date "1989.??.??"]
[Round "12"]
[White "Blatny, Pavel"]
[Black "Douven, Rudy C"]
[Result "0-1"]
[WhiteElo "2450"]
[BlackElo "2445"]

1.e4 c6 2.d4 d5 3.exd5 cxd5 4.c4 Nf6 5.Nc3 g6 6.Qb3 Bg7 7.cxd5 O-O 8.Be2 Na6
9.Bg5 Qb6 10.Qxb6 axb6 11.Nf3 Nb4 12.Bxf6 Bxf6 13.Kd2 Bf5 14.h3 h5 15.Rhg1 h4
16.g4 hxg3 17.fxg3 Bg7 18.Bc4 Rac8 19.Bb3 Bh6+ 20.Ke2 Bd3+ 21.Kf2 Bc2 22.Ke2 Rfd8
23.Bxc2 Nxc2 24.Rab1 Ne3 25.Kd3 Nxd5 26.Nxd5 Rxd5 27.Rge1 Rf5 28.Ne5 Rf2
29.Re2 Rxe2 30.Kxe2 Rc2+ 31.Kf3 b5 32.a3 Rd2 33.Ke4 e6 34.g4 f5+ 35.Kf3 Rxd4
36.Nxg6 Kg7 37.Ne5 Re4 38.Nd7 Re3+ 39.Kg2 Kf7 40.Rf1 Ke7 41.Nc5 b6 42.Na6 fxg4
43.hxg4 Rb3 44.Rf2 Bg7 45.Nc7 Be5 46.Rc2 Kd7 47.Na8 Rxb2 48.Nxb6+ Kd8 49.Rxb2 Bxb2
50.a4 Kc7 51.a5 Bc3 52.Na8+ Kb7 53.Nb6 Kc6 54.Nc8 b4 55.a6 b3 56.Nd6 Bd4
57.a7 Bxa7 58.Nc4 Kd5 59.Nd2 b2 60.Kf3 Kd4 61.Ke2 Kc3 62.Nb1+ Kc2 63.Nd2 Bc5
64.g5 Bb4  0-1

[Event "Alma-Ata"]
[Site "Alma-Ata"]
[Date "1989.??.??"]
[Round "13"]
[White "Murugan, Krishnamoorthy"]
[Black "Blatny, Pavel"]
[Result "1/2-1/2"]
[WhiteElo "2460"]
[BlackElo "2450"]

1.Nf3 d5 2.d4 Nf6 3.c4 e6 4.Nc3 Bb4 5.e3 O-O 6.Bd3 Nc6 7.O-O dxc4 8.Bxc4 Bd6
9.Nb5 Be7 10.b3 a6 11.Nc3 Bd6 12.Bb2 e5 13.dxe5 Nxe5 14.Nxe5 Bxe5 15.Qxd8 Rxd8
16.Rad1 Re8 17.Ba1 Bf5 18.Bd3 Bg6 19.Bxg6 hxg6 20.Rd3 Rad8 21.Rfd1 Rxd3 22.Rxd3 b5
23.Bb2 Re6 24.h3 Kh7 25.Kf1 Rc6 26.a3 Bxc3 27.Rxc3 Rxc3 28.Bxc3 Ne4 29.Bb4 c5
30.Be1 Nd6 31.Ke2 f6 32.Kd3 Kg8 33.f3 Kf7 34.e4 Ke6 35.a4 Kd7 36.axb5 axb5
37.Bc3 Kc6 38.g4 Nf7 39.f4 g5 40.fxg5 Nxg5 41.e5 fxe5 42.Bxe5 g6 43.h4 Kd5
44.Bb2 Nf7 45.h5 gxh5 46.gxh5  1/2-1/2

[Event "Alma-Ata"]
[Site "Alma-Ata"]
[Date "1989.??.??"]
[Round "14"]
[White "Blatny, Pavel"]
[Black "Machulsky, Anatoly D"]
[Result "1-0"]
[WhiteElo "2450"]
[BlackElo "2450"]

1.e4 e6 2.d4 d5 3.e5 c5 4.c3 Nc6 5.Nf3 Nge7 6.Bd3 cxd4 7.cxd4 Nf5 8.Bxf5 exf5
9.O-O Be7 10.Nc3 Be6 11.Ne1 Qb6 12.Ne2 O-O 13.Kh1 a5 14.f4 Rfc8 15.Nc2 g6
16.Ne3 h5 17.Rf3 Rc7 18.Nc2 Rac8 19.Nc3 Nb4 20.Ne3 Rd8 21.Nf1 Nc6 22.Rd3 Qa6
23.Ng3 h4 24.Nge2 b5 25.Rh3 b4 26.Na4 Kg7 27.Be3 Nb8 28.Bf2 Rh8 29.Nc5 Qb5
30.Rc1 Na6 31.Qe1 Rc6 32.a4 Qb6 33.Ng1 Qd8 34.Nf3 Nxc5 35.dxc5 d4 36.Nxd4 Rc8
37.Rd1 Qc7 38.Bxh4 Rxh4 39.Rxh4 Rd8 40.Nxe6+ fxe6 41.Rh3 Qxc5 42.Rxd8 Bxd8
43.Qd1 Be7 44.Rf3 Kf7 45.h3 Qc4 46.b3 Qe4 47.Qd3 Qe1+ 48.Rf1 Qh4 49.Kh2 Qh8
50.Rc1 g5 51.Rc7 gxf4 52.Rxe7+ Kxe7 53.Qd6+ Kf7 54.Qd7+ Kg6 55.Qxe6+ Kg5
56.Kg1 Qf8 57.h4+ Kh5 58.Qf6 Qg8 59.Qxf5+  1-0

[Event "Alma-Ata"]
[Site "Alma-Ata"]
[Date "1989.??.??"]
[Round "15"]
[White "Ilincic, Zlatko"]
[Black "Blatny, Pavel"]
[Result "0-1"]
[WhiteElo "2430"]
[BlackElo "2450"]

1.e4 e5 2.Nf3 Nc6 3.Bb5 a6 4.Ba4 Nf6 5.O-O Be7 6.Bxc6 dxc6 7.d3 Nd7 8.Nbd2 f6
9.Nc4 Nc5 10.Nh4 g6 11.b3 O-O 12.Bb2 Ne6 13.g3 Bc5 14.Kh1 b5 15.Nd2 Qd6 16.Ng2 Ba3
17.Bc3 Qc5 18.Nb1 a5 19.Qd2 b4 20.Nxa3 bxc3 21.Qc1 Nd4 22.Nc4 a4 23.f4 Bg4
24.bxa4 exf4 25.Qxf4 Be2 26.Rfc1 Bf3 27.Qe3 f5 28.e5 f4 29.gxf4 Qd5 30.Qf2 Rxf4
31.Re1 Raf8 32.Ne3 Qxe5 33.Qg3 Qh5 34.Kg1 Bxg2 35.Kxg2 Rf3 36.Qxc7 Qh3+ 37.Kh1 Rxe3  0-1

[Event "Bad Woerishofen op"]
[Site "Bad Woerishofen"]
[Date "1989.??.??"]
[Round "?"]
[White "Reeh, Oliver"]
[Black "Blatny, Pavel"]
[Result "1-0"]
[WhiteElo "2440"]
[BlackElo "2450"]

1.e4 e5 2.Nf3 Nc6 3.Bb5 a6 4.Ba4 Nf6 5.O-O Be7 6.Re1 b5 7.Bb3 O-O 8.a4 Bb7
9.d3 Re8 10.Nc3 b4 11.Nd5 Na5 12.Ba2 Nxd5 13.Bxd5 c6 14.Ba2 Qc7 15.c3 bxc3
16.bxc3 Bf6 17.d4 d6 18.Bg5 Bd8 19.dxe5 dxe5 20.Re3 h6 21.Rd3 hxg5 22.Rd7 Qxd7
23.Qxd7 Re7 24.Qh3 Rc7 25.Nxe5 Bc8 26.Qh5 Raa7 27.Ng6  1-0

[Event "Bad Woerishofen op"]
[Site "Bad Woerishofen"]
[Date "1989.??.??"]
[Round "?"]
[White "Bischoff, Klaus"]
[Black "Blatny, Pavel"]
[Result "1/2-1/2"]
[WhiteElo "2505"]
[BlackElo "2450"]

1.c4 e5 2.g3 Nc6 3.Bg2 g6 4.Nc3 Bg7 5.e4 d6 6.Nge2 f5 7.d3 Nh6 8.O-O O-O
9.Nd5 Be6 10.Rb1 Qd7 11.b3 Rf7 12.f3 Raf8 13.Be3 Kh8 14.Qd2 Ng8 15.Rbd1 Nd4
16.Bxd4 exd4 17.Ndf4 c5 18.Nxe6 Qxe6 19.Nf4 Qd7 20.Nd5 Bh6 21.f4 Ne7 22.Nxe7 Rxe7
23.Rde1 Rfe8 24.h4 b5 25.Re2 bxc4 26.bxc4 Qa4 27.Rfe1 Qb4 28.Qxb4 cxb4 29.Kf2 a5
30.exf5 Re3 31.Rxe3 dxe3+ 32.Rxe3 Rxe3 33.Kxe3 a4 34.Kd2 Bg7 35.Kc2 gxf5
36.Bh3 Bd4 37.Bxf5 Bf2 38.g4 Bg3 39.Bd7 b3+ 40.axb3 axb3+ 41.Kxb3 Bxf4 42.h5 Kg7
43.d4 Kf8 44.Kc3 Ke7 45.Ba4 h6 46.Kd3 Kd8 47.Ke4 Bg5 48.Kd5 Kc7  1/2-1/2

[Event "EU-chT"]
[Site "Haifa"]
[Date "1989.??.??"]
[Round "1"]
[White "Ben Menachem, Itzhak"]
[Black "Blatny, Pavel"]
[Result "1/2-1/2"]
[WhiteElo "2285"]
[BlackElo "2470"]

1.d4 Nf6 2.c4 e6 3.g3 d5 4.Bg2 dxc4 5.Nf3 Be7 6.O-O O-O 7.Qc2 a6 8.a4 c5
9.dxc5 Bxc5 10.Nbd2 Nc6 11.Nxc4 Qe7 12.Nfe5 Nxe5 13.Nxe5 Nd5 14.Bd2 Qc7 15.Rac1 Qxe5
16.Qxc5 Qxb2 17.e4 Qxd2 18.exd5 exd5 19.Bxd5 a5 20.Rfe1 Bg4 21.Bxb7 Rad8
22.Qc3 Qxc3 23.Rxc3 Rfe8 24.Rxe8+ Rxe8 25.Kg2 Bd7 26.Rc5 Bxa4 27.Rxa5 Bd7
28.Ra8 Rxa8 29.Bxa8 Kf8 30.Kf3 Ke7 31.Bd5 f6 32.Ke4 Kd6 33.Kd4 h6 34.f4 Bc8
35.Bc4 Bb7 36.Bb3 Bc6 37.Bc4 Bd7 38.Bf7 Bf5 39.Bb3 Bc8 40.Bg8 Bb7 41.Bc4 Bg2
42.Bb3 Bf3  1/2-1/2

[Event "EU-chT"]
[Site "Haifa"]
[Date "1989.??.??"]
[Round "4"]
[White "Blatny, Pavel"]
[Black "Kovacevic, Vlatko"]
[Result "1-0"]
[WhiteElo "2470"]
[BlackElo "2515"]

1.e4 e6 2.d4 d5 3.Nc3 a6 4.Nf3 Nf6 5.Bg5 Be7 6.Bxf6 Bxf6 7.Qd2 O-O 8.O-O-O b5
9.exd5 exd5 10.Bd3 Nc6 11.Ne2 Bg4 12.Qf4 Bxf3 13.Qxf3 Re8 14.Kb1 Qd6 15.h4 b4
16.g4 g6 17.h5 Bg7 18.hxg6 hxg6 19.g5 Rxe2 20.Qxe2 Nxd4 21.Qe3 c5 22.Rh4 a5
23.f4 c4 24.Bxg6 Kf8 25.Rdh1 Ne6 26.Rh8+ Bxh8 27.Rxh8+ Kg7 28.Rxa8 Kxg6 29.Rh8 Qxf4
30.Qh3 Qxg5 31.Rg8+ Ng7 32.Qh1 a4 33.a3 b3 34.Rc8 Qf5 35.Qg1+ Kh7 36.Qh1+ Nh5
37.Rc7 Qxc2+ 38.Ka1 Qf5 39.Rc5 Kg6 40.Rxd5 Ng3 41.Qd1 Qf1 42.Qxf1 Nxf1 43.Rd4 Ne3
44.Re4 Nc2+ 45.Kb1 c3 46.bxc3 Nxa3+ 47.Kb2 Nb5 48.Rxa4 f5 49.Kxb3 Nc7 50.Kc4 f4
51.Ra5 Kf6 52.Kd4 Ke6 53.Ke4 Kd6 54.c4 Ne6 55.Ra6+ Kd7 56.Ke5 Nc5 57.Ra7+ Kc6
58.Kxf4 Kb6 59.Rh7 Na6 60.Rh6+  1-0

[Event "EU-chT"]
[Site "Haifa"]
[Date "1989.??.??"]
[Round "6"]
[White "Blatny, Pavel"]
[Black "Liberzon, Vladimir M"]
[Result "1-0"]
[WhiteElo "2470"]
[BlackElo "2480"]

1.Nf3 g6 2.e4 Bg7 3.d4 d6 4.Nc3 Nf6 5.Be2 O-O 6.O-O c6 7.a4 a5 8.Bf4 Nbd7
9.Qd2 e5 10.dxe5 dxe5 11.Nxe5 Nxe4 12.Nxe4 Nxe5 13.Qxd8 Rxd8 14.Bg5 Re8 15.Nd6 Re6
16.Rad1 h6 17.Bd8 c5 18.Bb5 Nc6 19.Nc4 Bd7 20.Bc7 Be8 21.Nb6 Ra7 22.Bc4 Bxb2
23.Bxe6 fxe6 24.Rfe1 Nd4 25.Rd3 g5 26.Bb8 Ra6 27.Nc4 Bxa4 28.Nxb2 Bxc2 29.Rd2 a4
30.Be5 Bf5 31.Bxd4 cxd4 32.Ra1 b5 33.Rxd4 a3 34.Nd3 Kf7 35.g4 Bh7 36.Rd7+ Kg6
37.Rb7 Ra5 38.Ne5+ Kf6 39.Nd7+ Ke7 40.Nf8+ Kxf8 41.Rxh7 a2 42.Rb7 Ke8 43.Kf1 Kd8
44.Ke2 Kc8 45.Re7 b4 46.Rxe6 b3 47.Rb6 Ra3 48.Kd2 Kc7 49.Rb4  1-0

[Event "EU-chT"]
[Site "Haifa"]
[Date "1989.??.??"]
[Round "7"]
[White "Grivas, Efstratios"]
[Black "Blatny, Pavel"]
[Result "1-0"]
[WhiteElo "2445"]
[BlackElo "2470"]

1.d4 Nf6 2.Nf3 e6 3.Bg5 d5 4.e3 Nbd7 5.Nbd2 Be7 6.Bd3 c5 7.c3 c4 8.Bc2 b5
9.O-O Bb7 10.Ne5 Nxe5 11.dxe5 Nd7 12.Bf4 a5 13.Nf3 Qb6 14.Nd4 Nc5 15.Bg3 O-O
16.Qh5 Ne4 17.Bh4 Bxh4 18.Qxh4 f5 19.f4 b4 20.Bxe4 dxe4 21.Rf2 Bd5 22.g4 Qd8
23.Qh3 fxg4 24.Qxg4 Qe7 25.Kh1 Kh8 26.Rg1 Rf7 27.Qh5 Raf8 28.h3 a4 29.cxb4 Qxb4
30.a3 Qe7 31.Rfg2 c3 32.bxc3 Qxa3 33.Nb5 Qe7 34.Nd6 Rf5 35.Nxf5 Rxf5 36.Qe2 g6
37.c4 Bc6 38.Rd1 Qh4 39.Qg4 Qe7 40.Rd6 Qc7 41.Qh4 Kg7 42.Rxe6 Rf7 43.f5  1-0

[Event "EU-chT"]
[Site "Haifa"]
[Date "1989.??.??"]
[Round "8"]
[White "Blatny, Pavel"]
[Black "Marin, Mihail"]
[Result "0-1"]
[WhiteElo "2470"]
[BlackElo "2475"]

1.Nf3 Nf6 2.b3 g6 3.Bb2 Bg7 4.c4 O-O 5.g3 d6 6.d4 e5 7.Bg2 e4 8.Nfd2 e3 9.fxe3 Qe7
10.e4 Ng4 11.Nf1 c5 12.h3 Nf6 13.Nc3 Nc6 14.dxc5 dxc5 15.Nd5 Nxd5 16.Bxg7 Nf4
17.Bxf8 Nxg2+ 18.Kf2 Kxf8 19.Kxg2 Qxe4+ 20.Kh2 Bf5 21.Qd6+ Kg8 22.Re1 Nd4
23.Nd2 Qc2 24.Qf4 Rd8 25.g4 Bxg4 26.hxg4 Ne6 27.Qf2 Rxd2 28.Rhf1 Ng5 29.Qe3 h6
30.Rf2 Rd8 31.Ref1 Qxa2 32.Rxf7 Nxf7 33.Qe6 Rf8 34.Qxg6+ Kh8 35.Qf6+ Kh7
36.Qe7 Kg8 37.Qe4 Qb2 38.Rf5 Qd4 39.Qe6 Qd6+  0-1

[Event "CSR-ch int"]
[Site "Prague"]
[Date "1989.??.??"]
[Round "1"]
[White "Blatny, Pavel"]
[Black "Ftacnik, Lubomir"]
[Result "0-1"]
[WhiteElo "2450"]
[BlackElo "2550"]

1.Nf3 Nf6 2.c4 g6 3.b4 Bg7 4.Bb2 O-O 5.g3 c6 6.Bg2 d5 7.cxd5 Nxd5 8.Bxg7 Kxg7
9.a3 a5 10.bxa5 Qxa5 11.O-O Na6 12.Qc2 Nac7 13.e4 Nb6 14.Nc3 Rd8 15.d4 Bg4
16.Ne5 Rxd4 17.Nd5 Ncxd5 18.exd5 Bf5 19.Qe2 Rd2 20.Qe1 Rxd5 21.Bxd5 Qxd5
22.g4 Be4 23.f4 f6 24.Qe3 fxe5 25.Qxb6 Qd7 26.h3 Qd3 27.Kh2 Rxa3 28.Rxa3 Qxf1
29.Qb2 Qxf4+ 30.Rg3 c5 31.Qe2 c4 32.Qe3 Bd3 33.Kg1 b5 34.Qe1 b4 35.Re3 e4
36.Kg2 b3 37.Qa1+ Kf7 38.Re1 Qf3+ 39.Kh2 Qf2+ 40.Kh1 b2  0-1

[Event "CSR-ch int"]
[Site "Prague"]
[Date "1989.??.??"]
[Round "2"]
[White "Bischoff, Klaus"]
[Black "Blatny, Pavel"]
[Result "1-0"]
[WhiteElo "2505"]
[BlackElo "2450"]

1.d4 Nf6 2.c4 e6 3.Nf3 d5 4.Nc3 dxc4 5.e3 a6 6.Bxc4 b5 7.Be2 Bb7 8.O-O Nbd7
9.b3 Bd6 10.Bb2 O-O 11.Rc1 Qe7 12.a4 b4 13.Nb1 c5 14.Nbd2 Rfd8 15.Nc4 Bc7
16.Nfd2 cxd4 17.exd4 Nd5 18.Bf3 Rac8 19.g3 Ba8 20.Qe2 Qg5 21.Ne4 Qh6 22.Rfe1 Nf8
23.Rcd1 Qg6 24.Qf1 f5 25.Nc5 Nc3 26.Rd3 Be4 27.Bxe4 fxe4 28.Rde3 Bf4 29.Rxc3 bxc3
30.Bxc3 e5 31.Nxe4 exd4 32.Bb4 Ne6 33.Ncd6 Bxd6 34.Nxd6 Rc2 35.Qg2 d3 36.Qd5 Re2
37.Rd1 Rf8 38.Bc5 Kh8 39.Be3 d2 40.Rxd2 Re1+ 41.Kg2 Qb1 42.Qxe6 h6 43.Kh3 Rh1
44.Qe4 Qf1+ 45.Kg4 h5+ 46.Kg5 Qh3 47.Nf7+ Kg8 48.Rd8 Rxd8 49.Nxd8 Qd7 50.Qe6+ Qxe6
51.Nxe6 Rxh2 52.a5  1-0

[Event "CSR-ch int"]
[Site "Prague"]
[Date "1989.??.??"]
[Round "7"]
[White "Smejkal, Jan"]
[Black "Blatny, Pavel"]
[Result "0-1"]
[WhiteElo "2515"]
[BlackElo "2450"]

1.c4 e6 2.Nf3 Nf6 3.Nc3 d5 4.d4 Bb4 5.Bg5 Nbd7 6.e3 c5 7.cxd5 exd5 8.Bd3 Qa5
9.Qc2 c4 10.Bf5 O-O 11.O-O Bxc3 12.bxc3 Re8 13.Nd2 g6 14.Bxd7 Nxd7 15.Rfe1 Nb6
16.f3 Bd7 17.Rac1 Na4 18.Bf4 Re6 19.e4 Rae8 20.Nf1 f5 21.Be5 dxe4 22.fxe4 Nc5
23.exf5 gxf5 24.Re3 Nd3 25.Rb1 f4 26.Rxd3 cxd3 27.Qxd3 Qxa2 28.Bxf4 Rf6 29.Rxb7 Rxf4  0-1

[Event "CSR-ch int"]
[Site "Prague"]
[Date "1989.??.??"]
[Round "9"]
[White "Jansa, Vlastimil"]
[Black "Blatny, Pavel"]
[Result "1/2-1/2"]
[WhiteElo "2515"]
[BlackElo "2450"]

1.e4 e5 2.Nf3 Nc6 3.Bb5 a6 4.Ba4 Nf6 5.O-O Be7 6.Re1 b5 7.Bb3 O-O 8.a4 Bb7
9.d3 d6 10.Nc3 Na5 11.axb5 Nxb3 12.cxb3 axb5 13.Rxa8 Qxa8 14.Nxb5 Bc8 15.d4 Qb7
16.Nc3 Bg4 17.dxe5 dxe5 18.Bg5 Rb8 19.h3 Bxf3 20.Qxf3 Qxb3 21.Qg3 Qe6 22.Nd5 c6
23.Nxe7+ Qxe7 24.Qc3 Qb4 25.Qxb4 Rxb4 26.Bxf6 gxf6 27.Re2 Kf8 28.f3 Ke7 29.Kf2 Ke6
30.Rc2 Rb6 31.g4 Kd6 32.Rd2+ Ke7 33.Kg3 Rb3 34.Rc2 Kd6 35.Rd2+ Ke7 36.Rf2 Kf8
37.Rc2 Kg7 38.h4 c5 39.g5 fxg5 40.hxg5 h6 41.gxh6+ Kxh6 42.Rxc5 f6 43.Kg4 Kg6
44.Rc2 Rb5 45.Re2 f5+ 46.Kh4 Rb3 47.Rg2+ Kf6 48.Rf2 Kg6 49.exf5+ Kxf5  1/2-1/2

[Event "CSR-ch int"]
[Site "Prague"]
[Date "1989.??.??"]
[Round "10"]
[White "Blatny, Pavel"]
[Black "Meduna, Eduard"]
[Result "1/2-1/2"]
[WhiteElo "2450"]
[BlackElo "2485"]

1.d4 d5 2.c4 c6 3.Nf3 Nf6 4.cxd5 cxd5 5.Nc3 Nc6 6.Bf4 Bf5 7.e3 e6 8.Bd3 Bxd3
9.Qxd3 Bd6 10.Bxd6 Qxd6 11.O-O O-O 12.Rfc1 Rfe8  1/2-1/2

[Event "CSR-ch int"]
[Site "Prague"]
[Date "1989.??.??"]
[Round "12"]
[White "Blatny, Pavel"]
[Black "Ilincic, Zlatko"]
[Result "0-1"]
[WhiteElo "2450"]
[BlackElo "2430"]

1.e4 e5 2.Nf3 Nc6 3.Bb5 a6 4.Ba4 Nf6 5.d4 exd4 6.O-O Be7 7.Re1 O-O 8.e5 Ne8
9.Bxc6 dxc6 10.Nxd4 c5 11.Ne2 Qxd1 12.Rxd1 Bf5 13.Be3 f6 14.Ng3 fxe5 15.Nxf5 Rxf5
16.Nc3 b6 17.a4 a5 18.h3 Rf7 19.Rd2 Rd8 20.Nd5 Bd6 21.Rad1 h6 22.f3 Rfd7
23.Bf2 Kf7 24.Bh4 g5 25.Bg3 Bf8 26.Be1 c4 27.Kf1 Bc5 28.Ke2 Ke6 29.Nc3 Bd4
30.Nb1 c6 31.Bg3 Bxb2 32.Rxd7 Rxd7 33.Rxd7 Kxd7 34.c3 Ke6 35.Kd2 b5 36.Kc2 Ba1
37.Bf2 Nd6 38.Bb6 Nb7 39.Nd2 Kd5 40.Nf1 e4 41.Ne3+ Ke6 42.fxe4 Ke5 43.Nd1 b4
44.cxb4 axb4 45.a5 Nxa5 46.Bxa5 c5 47.Bb6 Bd4 48.Bc7+ Kxe4 49.Bg3 c3 50.Nf2+ Kd5
51.Nd3 Kc4 52.Nc1 Be3 53.Bd6 h5 54.g4 hxg4 55.hxg4 Kb5 56.Nd3 Kc6 57.Be7 Kd5
58.Nxb4+ cxb4 59.Bxb4 Bd2 60.Kd3 Ke5 61.Ke2 Kf4  0-1

[Event "CSR-ch int"]
[Site "Prague"]
[Date "1989.??.??"]
[Round "13"]
[White "Plachetka, Jan"]
[Black "Blatny, Pavel"]
[Result "0-1"]
[WhiteElo "2450"]
[BlackElo "2450"]

1.c4 e5 2.Nc3 d6 3.g3 f5 4.Bg2 Nf6 5.d3 g6 6.e3 Bg7 7.Nge2 O-O 8.O-O Nc6
9.b3 h6 10.d4 Qe8 11.d5 Nd8 12.e4 Nf7 13.exf5 Bxf5 14.h3 h5 15.Be3 Qd7 16.Kh2 Rae8
17.Qd2 Kh7 18.f3 Qc8 19.Rac1 Qd8 20.Ne4 Bxe4 21.fxe4 Bh6 22.Bxh6 Nxh6 23.Kg1 Rf7
24.Qe3 b6 25.b4 Ref8 26.c5 dxc5 27.bxc5 Nd7 28.Rxf7+ Nxf7 29.cxb6 axb6 30.Rc6 Nd6
31.Kh2 Nc5 32.Ng1 h4 33.gxh4 Qe7 34.Qg5 Qxg5 35.hxg5 Rf7 36.Nf3 Re7 37.Nd2 Kg7
38.h4 Kf8 39.Kg3 Rg7 40.Kg4 Rh7 41.Bf3 Rg7 42.h5 gxh5+ 43.Kxh5 Nd3 44.Rc3 Nf4+
45.Kg4 Nf7 46.Kg3 Nxg5 47.Kf2 Rh7 48.d6 cxd6 49.Rc8+ Ke7 50.Rc7+ Kd8 51.Rxh7 Nxh7
52.Ke3 Kc7 53.a4 Ng5 54.Bg4 Nge6 55.Bd1 Nd4 56.Nc4 Nc6 57.Na3 Na5 58.Nb5+ Kc6
59.Bg4 Kc5 60.Bc8 Nc4+ 61.Kf3 Kb4 62.Bd7 Nd3  0-1